000 00302nam a22001457a 4500
003 SGT
020 _a9780024102133
082 _a616.85
_bC95S
100 _aSHRIBERG, LAWRENCE
245 _aCLINICAL PHONETICS
250 _a2ND
260 _bMACMILLAN PUB
_c1995
300 _a421
942 _2ddc
_cBK
999 _c17892
_d17892